00460nam a2200193Ia 4500003000900000008004100009040001300050040001300063041000800076100002000084245006100104250000900165260002800174260000900202300001100211300001000222490002800232490000600260IT-RoPAU120407s9999 xx 000 0 und d aIT-RoPAU cIT-RoPAU aita aClemente Romano a"Lettera ai Corinti. A cura di Igino Giordani. 2a. ed." aRoma aPia Società San Paolo c1944 a198 p. c18 cm aFiore dei S. Padri, 24 v1